000 01342nam a2200349Ia 4500
001 Z_6858
003 CHAP
005 20230627142347.0
008 220113s2015 xx 000 0 und d
010 _a170132
040 _cCHAP
090 _aTesis T57 2499
100 _aTirado González, Deli Nazmín
_9129522
245 _aEnzimas fibrolíticas de hongos ligninolíticos y digestibilidad in vitro de FDN de dietas para rumiantes /
_cDeli Nazmín Tirado González
260 _aMéxico :
_bEl autor,
_c2015
300 _a158 p.
502 _aTesis (Doctor en Ciencias en Innovación Ganadera) -- UACH, 2015 \ Dirección: Luis Alberto Miranda Romero; asesoría: Pedro Arturo Martínez Hernández y Juan Jáuregui Rincón
650 _aComportamiento productivo de rumiantes
_9146159
650 _aEnzimas fibrolíticas
_9143188
650 _aHíbridos de maíz
_9146160
650 _aHongos de pudrición blanca
_9146161
650 _aMeta
_xanálisis
_9146162
700 _a Jáuregui Rincón, Juan, asesor
_9146163
700 _a Martínez Hernández, Pedro Arturo, asesor
_9137925
700 _aMiranda Ropmero, Luis Alberto, director
_9146164
856 4 2 _uhttp://10.13.5.2/tesis/sist111618.pdf
_yDescargar PDF
901 _aTESIS T57 2499
902 _aA
910 _a2015
942 _c2
_2ddc
942 _c2
_2ddc
999 _c170132
_d170132